Racionalizace administrativy RA '89

Uložené v:
Podrobná bibliografia
Médium: Kniha
Jazyk:Czech
Vydavateľské údaje: Praha Dům techn. ČSVTS 1989
Vydanie:1. vyd.
Tagy: Pridať tag
Žiadne tagy, Buďte prvý, kto otaguje tento záznam!

MARC

LEADER 00000nam a2200000 4500
001 c034790
005 20250516124214.7
041 0 |a cze 
044 |a CZ 
245 1 0 |a Racionalizace administrativy RA '89 
250 |a 1. vyd. 
264 1 |a Praha  |b Dům techn. ČSVTS  |c 1989 
300 |a 194 s.